Produkcia bioaktívnych peptidov s Pichia pastoris

Salvato in:
Dettagli Bibliografici
Autore principale: Čečot, Matej (Autore)
Altri autori: Rebroš, Martin (Relatore della tesi)
Natura: Manoscritto Libro
Lingua:slovacco
Pubblicazione: 2021
Soggetti:
Accesso online:http://is.stuba.sk/zp/portal_zp.pl?podrobnosti=148918
Tags: Aggiungi Tag
Nessun Tag, puoi essere il primo ad aggiungerne!!

MARC

LEADER 00000ntm a22000003a 4500
001 stuzp84854
003 SK-STU
005 20210626211812.8
007 ta
008 150427s2015----xo-----f-mn---000-0-slo-d
040 |a STU  |b slo 
041 0 |a slo 
100 1 |a Čečot, Matej  |u 044000  |k Z4  |4 aut  |U FCHPT Fakulta chemickej a potravinárskej technológie  |T FCHPT Ústav biotechnológie  |X 97395  |U C4000  |Y 102  |7 97395 
242 0 1 |a Bioactive Peptides Production by Pichia pastoris  |y eng 
245 1 0 |a Produkcia bioaktívnych peptidov s Pichia pastoris 
260 |c 2021 
650 4 |a Pichia pastoris  |2 slo 
650 4 |a bioaktívne peptidy  |2 slo 
650 4 |a peptidové terapeutiká  |2 slo 
650 4 |a antimikrobiálna aktivita  |2 slo 
650 4 |a peptide therapeutics  |2 eng 
650 4 |a Pichia pastoris  |2 eng 
650 4 |a bioactive peptides  |2 eng 
650 4 |a antimicrobial activity  |2 eng 
700 1 |a Rebroš, Martin  |u 044000  |k Z1  |4 ths  |U FCHPT Fakulta chemickej a potravinárskej technológie  |T FCHPT Ústav biotechnológie  |X 4015  |U C4000  |Y 102  |7 A000004015 
856 4 |u http://is.stuba.sk/zp/portal_zp.pl?podrobnosti=148918